000 00502cam a2200157 4500500
005 20260201110328.0
041 _afre
042 _adc
100 1 0 _aTerrel-Salmon, Françoise
_eauthor
245 0 0 _aEditorial
260 _c2007.
500 _a99
520 _aResumé Théologie de l’espérance et attitudes face au risque.
786 0 _nRevue Projet | 297 | 2 | 2007-05-02 | p. 1-1 | 0033-0884
856 4 1 _uhttps://shs.cairn.info/revue-projet-2007-2-page-1?lang=fr&redirect-ssocas=7080
999 _c1641357
_d1641357